000 00831nam a22002177a 4500
999 _c65669
_d65669
005 20240530110837.0
008 191117s2008 ua a f 000 0 ara d
017 _a2008/9620
_bمصر. دار الكتب
020 _a9771805576
040 _aEG-CaGPL
_cEG-CaGPL
082 0 4 _221
_a378.04962
_bق/ ع ج
100 0 _aعماد حسين
245 1 2 _aالجامعة الامريكية فى القاهرة :
_b1967-1919 /
_cتاليف عماد حسين .
260 _aالقاهرة :
_bمطبعة دار الكتب و الوثائق القومية بالقاهرة ،
_c2008
300 _a236 ص. :
_bايض. ؛
_c24 سم.
650 0 7 _2qrmak
_aالجامعات والكليات
_zمصر
650 0 7 _aالجامعة الامريكية
651 _2qrmak
942 _2ddc
_cBK